000 00700nam a22002177a 4500
003 OSt
005 20251119085223.0
008 251119b |||||||| |||| 00| 0 eng d
020 _a 978-1-119-47159
040 _aDWCL-Main lib
_cOC
082 _27th edition
_aCirc. 004.6 L913n 2018
100 _aLowe, Daug
245 _aNetworking :
_ball- in-one for dummies
_cDaug Luwe
250 _a7th edition
260 _aHoboken, New Jersey:
_bJohn Wiley & Sons,
_cc2018.
300 _a xxviii, 948 pages :
_billustrations ;
_c24cm.
504 _aIncludes index.
650 _a1. Computer networks
650 _a2. Computer networks-- Management
942 _2ddc
_cBK - FIL
_e7th edition
_kFil.
_n0
999 _c5818
_d5818